| 000 | 00711nam a22001817a 4500 | ||
|---|---|---|---|
| 003 | BUBTL | ||
| 008 | 190424b xxu||||| |||| 00| 0 eng d | ||
| 020 | _a978-984-06-1570-9 | ||
| 082 | _a923.15492 / AHG | ||
| 100 |
_92021 _aআহমেদ, সিরাজ উদদীন |
||
| 245 |
_aগণতন্ত্রের মানসপুত্র হোসেন শহীদ সোহরাওয়ার্দী / _cসিরাজ উদদীন আহমেদ |
||
| 260 |
_aDhaka : _bIslamic Faundation _cc2016 |
||
| 300 |
_a663 p. : _c22 cm. |
||
| 650 | 0 |
_91755 _aমুক্তিযুদ্ধ |
|
| 856 |
_k0 _l0 _yDownload |
||
| 942 |
_2ddc _cBK |
||
| 999 |
_c5988 _d5988 |
||